| 000 | 00000cam 2200000zi 4500 |
| 001 | 9.959105 |
| 003 | CaOODSP |
| 005 | 20260306115532 |
| 006 | m o d f |
| 007 | cr cn||||||||| |
| 008 | 260119e20260217quc ob f000 0 fre d |
| 020 | |a9780660980355 |
| 040 | |aCaOODSP|bfre|erda|cCaOODSP |
| 043 | |an-cn--- |
| 086 | 1 |aAS4-46/2026F-PDF |
| 245 | 00|aLogements modulaires et préfabriqués prêts à l'accessibilité : |bguide technique. |
| 264 | 1|aGatineau (Québec) : |bNormes d'accessibilité Canada, |cle 17 février 2026. |
| 264 | 4|c©2026 |
| 300 | |a1 ressource en ligne (39 pages) |
| 336 | |atexte|btxt|2rdacontent/fre |
| 337 | |ainformatique|bc|2rdamedia/fre |
| 338 | |aressource en ligne|bcr|2rdacarrier/fre |
| 500 | |aTitre de la couverture. |
| 500 | |aPublié aussi en anglais sous le titre : Accessible-ready modular and prefabricated housing : technical guide. |
| 504 | |aComprend des références bibliographiques. |
| 520 | |a« Ce guide technique met l’accent sur les domaines dans lesquels les personnes en situation de handicap peuvent se heurter à des obstacles liés à l’environnement bâti, en particulier les logements modulaires et préfabriqués prêts à l’accessibilité. L’équité renvoie à l’impartialité, à la justice et à l’absence de discrimination. Le principe d’équité reconnaît que chaque personne se trouve dans une situation différente et s’attache à permettre à toutes les personnes d’obtenir les mêmes résultats » -- À propos de ce guide technique, page 7. |
| 650 | 6|aAccessibilité aux personnes handicapées|xNormes|zCanada. |
| 650 | 6|aLogement|xAccessibilité aux personnes handicapées|xPolitique gouvernementale|zCanada. |
| 650 | 6|aConstruction modulaire|xAccessibilité aux personnes handicapées|zCanada. |
| 650 | 6|aMaisons préfabriquées|xAccessibilité aux personnes handicapées|zCanada. |
| 710 | 1 |aCanada. |bNormes d'accessibilité Canada, |eorganisme de publication. |
| 775 | 08|tAccessible-ready modular and prefabricated housing : |w(CaOODSP)9.959103 |
| 856 | 40|qPDF|s638 Ko|uhttps://publications.gc.ca/collections/collection_2026/nac-asc/AS4-46-2026-fra.pdf |
| 856 | 4 |qHTML|sS.O.|uhttps://accessibilite.canada.ca/elaboration-normes-accessibilite/logements-modulaires-et-prefabriques-prets-laccessibilite |